| 000 | nam a22 7a 4500 | ||
|---|---|---|---|
| 999 |
_c136901 _d136899 |
||
| 005 | 20170925122653.0 | ||
| 008 | 170925b mx||||| |||| 00| 0 spa d | ||
| 020 | _a9789688427354 | ||
| 050 | 0 | 4 |
_aE404 _bV55 2009 |
| 100 | 1 | _aVillalpando César, José Manuel | |
| 245 | 1 | 4 |
_aLas balas del invasor : _bLa expansión territorial de los Estados Unidos a costa de México _c /José Manuel Villalpando César |
| 250 | _a1a. | ||
| 260 |
_aMéxico : _bMiguel Ángel Porrúa, _c2009 |
||
| 300 |
_a190 p : _bil ; _c21 cm. |
||
| 490 | 3 | _aLa historia | |
| 504 | _aIncluye bibliografía e índice | ||
| 651 |
_aMéxico _xHistoria _xInvasión Norteamericana, 1846 - 1848 |
||
| 942 |
_2lcc _cLIB |
||